Marcatori dei Paesi Bassi agli Europei - Europa 2020 - Statistics

Statistiche generali
  • Questo quiz è stato fatto 6 volte
  • Il punteggio medio è 5 su 8
Statistiche sulle risposte
Partita Minuto Marcatore % Corretto
Paesi Bassi - Austria 2-0 77' Memphis Depay
83%
Macedonia del Nord - Paesi Bassi 0-3 24' Memphis Depay
83%
Paesi Bassi - Ucraina 3-2 52' Georginio Wijnaldum
67%
Macedonia del Nord - Paesi Bassi 0-3 51' Georginio Wijnaldum
67%
Macedonia del Nord - Paesi Bassi 0-3 58' Georginio Wijnaldum
67%
Paesi Bassi - Ucraina 3-2 85' Denzel Dumfries
50%
Paesi Bassi - Austria 2-0 67' Denzel Dumfries
50%
Paesi Bassi - Ucraina 3-2 59' Wout Weghorst
33%
Nessun quiz corrispondente trovato
Distribuzione punteggi
Percentuale di utenti per punteggio
Percentile per numero di risposta
I tuoi punteggi nel tempo
Non hai fatto questo quiz